The big catch; (Record no. 2690)

MARC details
000 -LEADER
fixed length control field 00480nam a22001817a 4500
003 - CONTROL NUMBER IDENTIFIER
control field OSt
005 - DATE AND TIME OF LATEST TRANSACTION
control field 20151125173455.0
008 - FIXED-LENGTH DATA ELEMENTS--GENERAL INFORMATION
fixed length control field 151125b xxu||||| |||| 00| 0 eng d
020 ## - INTERNATIONAL STANDARD BOOK NUMBER
International Standard Book Number 0813325226
040 ## - CATALOGING SOURCE
Transcribing agency DDC
082 ## - DEWEY DECIMAL CLASSIFICATION NUMBER
Classification number 338.9ROB 1995;
100 ## - MAIN ENTRY--PERSONAL NAME
Personal name ROBERTSON A.F;
9 (RLIN) 6309
245 ## - TITLE STATEMENT
Title The big catch;
Remainder of title A Practical Introduction to Development.
260 ## - PUBLICATION, DISTRIBUTION, ETC. (IMPRINT)
Place of publication, distribution, etc. UK;
Name of publisher, distributor, etc. Westview Press.
Date of publication, distribution, etc. 1995.
300 ## - PHYSICAL DESCRIPTION
Extent vi,144p;
Other physical details ill:
Dimensions 22cm
650 ## - SUBJECT ADDED ENTRY--TOPICAL TERM
Topical term or geographic name as entry element education.
9 (RLIN) 1404
942 ## - ADDED ENTRY ELEMENTS (KOHA)
Source of classification or shelving scheme Dewey Decimal Classification
Koha item type Short Loan
Holdings
Withdrawn status Lost status Source of classification or shelving scheme Damaged status Not for loan Home library Current library Date acquired Source of acquisition Inventory number Total Checkouts Full call number Barcode Date last seen Price effective from Koha item type
    Dewey Decimal Classification     MUST Main Library MUST Main Library 25/11/2015   03/20182   338.9ROB 1995; 2015-2788 25/11/2015 25/11/2015 Short Loan
    Dewey Decimal Classification     MUST Main Library MUST Main Library 28/06/2024 Donation 2003/20183   338.9ROB 1995; 2024-21594 28/06/2024 28/06/2024 Short Loan
    Other/Generic Classification Scheme     MUST Main Library MUST Main Library 04/07/2024   03/20185   338.9ROB 1995; 2024-21791 04/07/2024 04/07/2024 Open Shelf
    Dewey Decimal Classification     MUST Main Library MUST Main Library 09/07/2024 Purchase 06/27221   338.9ROB 1995; 2024-21841 09/07/2024 09/07/2024 Open Shelf